[Event "RLP Seniors op 17th"]
[Site "Neustadt an der Weinstrasse"]
[Date "2019.07.28"]
[Round "9"]
[White "Straesser, Gerda"]
[Black "Schwenke, Norbert"]
[Result "1/2-1/2"]
[WhiteElo "1666"]
[BlackElo "1584"]
[PlyCount "86"]
[EventDate "2019.07.20"]
[EventType "swiss"]
[EventRounds "9"]
[EventCountry "GER"]
[SourceTitle "CBM 192 Extra"]
[Source "Chessbase"]
[SourceDate "2019.11.06"]
[SourceVersion "1"]
[SourceVersionDate "2019.11.06"]
[SourceQuality "1"]

1. e4 c5 2. Nf3 e6 3. d4 b6 4. c4 Qc7 5. Nc3 a6 6. Be2 cxd4 7. Nxd4 Bc5 8. Nf3 Nc6 9. 0-0 Bb7 10. a3 Bd6 11. Be3 Nf6 12. h3 0-0 13. Qb3 Bc5 14. Bxc5 bxc5 15. Qd1 Rad8 16. Qd2 Na5 17. Qc2 Nc6 18. Rad1 d6 19. Rd2 Ne7 20. Rfd1 e5 21. Nh2 Ng6 22. Ng4 Qe7 23. Nxf6+ Qxf6 24. Rd3 Nf4 25. Rg3 Ne6 26. Qd2 Nd4 27. Bf1 Rfe8 28. Ne2 Re6 29. f3 Bc8 30. Qg5 h6 31. Qxf6 Rxf6 32. Nc3 Be6 33. Rd2 Rf4 34. Ne2 Nb3 35. Rc2 Nd4 36. Nxd4 cxd4 37. Rd2 f6 38. Bd3 h5 39. b4 h4 40. Rg6 Kh7 41. Rg4 g5 42. Rxf4 gxf4 43. Kh2 Rb8 1/2-1/2

[Event "RLP Seniors op 17th"]
[Site "Neustadt an der Weinstrasse"]
[Date "2019.07.25"]
[Round "6"]
[White "Schowalter, Gerd"]
[Black "Straesser, Gerda"]
[Result "1/2-1/2"]
[WhiteElo "1892"]
[BlackElo "1666"]
[PlyCount "71"]
[EventDate "2019.07.20"]
[EventType "swiss"]
[EventRounds "9"]
[EventCountry "GER"]
[SourceTitle "CBM 192 Extra"]
[Source "Chessbase"]
[SourceDate "2019.11.06"]
[SourceVersion "1"]
[SourceVersionDate "2019.11.06"]
[SourceQuality "1"]

1. e4 e6 2. d4 d5 3. Nc3 dxe4 4. Nxe4 Nd7 5. Nf3 Ngf6 6. Ng3 Be7 7. Bd3 0-0 8. h4 h5 9. Ne5 g6 10. Qd2 Nxe5 11. dxe5 Ng4 12. Qe2 Qd4 13. c3 Qxe5 14. Qxe5 Nxe5 15. Be2 c5 16. Bf4 Nd7 17. 0-0-0 e5 18. Be3 b6 19. Bf3 Rb8 20. Bg5 f6 21. Bd5+ Kg7 22. Be3 Rd8 23. Ne4 Nf8 24. c4 Ne6 25. Nc3 Nd4 26. Bd2 Bb7 27. Bxb7 Rxb7 28. Nd5 Rbd7 29. Rhe1 Bf8 30. f4 Bd6 31. fxe5 Bxe5 32. Bf4 Bxf4+ 33. Nxf4 Kf7 34. Nd5 Ne6 35. g3 Re8 36. Nc3 1/2-1/2

[Event "RLP Seniors op 17th"]
[Site "Neustadt an der Weinstrasse"]
[Date "2019.07.21"]
[Round "2"]
[White "Wulf, Adalbert"]
[Black "Straesser, Gerda"]
[Result "1/2-1/2"]
[WhiteElo "1858"]
[BlackElo "1666"]
[PlyCount "69"]
[EventDate "2019.07.20"]
[EventType "swiss"]
[EventRounds "9"]
[EventCountry "GER"]
[SourceTitle "CBM 192 Extra"]
[Source "Chessbase"]
[SourceDate "2019.11.06"]
[SourceVersion "1"]
[SourceVersionDate "2019.11.06"]
[SourceQuality "1"]

1. d3 d5 2. c3 Nf6 3. Qc2 e5 4. e4 Be7 5. Nf3 Nbd7 6. Bg5 c6 7. Be2 0-0 8. 0-0 h6 9. Bh4 Re8 10. Nbd2 b6 11. Rfe1 Bb7 12. Bg3 Bd6 13. d4 Qc7 14. dxe5 Nxe5 15. Nxe5 Bxe5 16. Bxe5 Qxe5 17. exd5 Qxd5 18. Bf3 Qd7 19. Nc4 Rxe1+ 20. Rxe1 Re8 21. Rxe8+ Qxe8 22. Ne3 Qd7 23. g3 c5 24. Bxb7 Qxb7 25. Qf5 Qd7 26. Qxd7 Nxd7 27. Nd5 Kf8 28. Kf1 Ne5 29. Ke2 Ke8 30. f4 Nc4 31. b3 Nd6 32. Kd3 Kd7 33. c4 f6 34. Nc3 Ke6 35. Nd5 1/2-1/2

[Event "Rheinland Pfalz op Seniors 15th"]
[Site "Neustadt an der Weinstrasse"]
[Date "2017.07.17"]
[Round "3"]
[White "Straesser, Gerda"]
[Black "Mang, Willi"]
[Result "1-0"]
[WhiteElo "1687"]
[BlackElo "1424"]
[PlyCount "115"]
[EventDate "2017.07.15"]
[EventType "swiss"]
[EventRounds "9"]
[EventCountry "GER"]
[SourceTitle "EXT 2018"]
[Source "ChessBase"]
[SourceDate "2017.10.13"]
[SourceVersion "1"]
[SourceVersionDate "2017.10.13"]
[SourceQuality "1"]

1. e4 c5 2. Nf3 d6 3. d4 cxd4 4. Nxd4 Nf6 5. Nc3 a6 6. Be2 e5 7. Nb3 Nc6 8. Be3 Be7 9. 0-0 Be6 10. f3 d5 11. exd5 Bxd5 12. Nxd5 Nxd5 13. Bf2 0-0 14. g3 Nf6 15. c3 Qc7 16. Rc1 Rfd8 17. Qc2 b6 18. Be3 a5 19. a4 Rab8 20. Rfe1 Nd5 21. Bf2 Nf6 22. Nd2 Bc5 23. Bxc5 bxc5 24. Ne4 Nxe4 25. fxe4 Ne7 26. Bc4 Ng6 27. Rf1 Rd7 28. Qf2 Rf8 29. Bb5 Rdd8 30. Bc4 Rd7 31. h4 Qd8 32. h5 Nh8 33. Qxc5 Qg5 34. Qf2 Qxh5 35. Bd5 Qg6 36. Kg2 h5 37. Qf5 Qxf5 38. Rxf5 Kh7 39. Rxh5+ Kg8 40. Rxe5 g6 41. c4 Kg7 42. Rf1 f6 43. Re6 g5 44. Ra6 Ng6 45. Rxa5 Ne7 46. Rb5 Nxd5 47. Rxd5 Rxd5 48. exd5 Rb8 49. Rb1 Rb3 50. c5 g4 51. c6 Rd3 52. c7 Rd2+ 53. Kf1 Rc2 54. d6 Kf7 55. d7 Rxc7 56. d8Q Re7 57. Re1 Rxe1+ 58. Kxe1 1-0

[Event "Bad Woerishofen Seniors op 32nd"]
[Site "Bad Woerishofen"]
[Date "2016.03.05"]
[Round "9"]
[White "Weyand, Fernand"]
[Black "Straesser, Gerda"]
[Result "1/2-1/2"]
[WhiteElo "1788"]
[BlackElo "1696"]
[PlyCount "44"]
[EventDate "2016.02.26"]
[EventType "swiss"]
[EventRounds "9"]
[EventCountry "GER"]
[SourceTitle "EXT 2019"]
[Source "ChessBase"]
[SourceDate "2018.10.10"]
[SourceVersion "1"]
[SourceVersionDate "2018.10.10"]
[SourceQuality "1"]

1. e4 e6 2. d4 d5 3. Nd2 dxe4 4. Nxe4 Nd7 5. Nf3 Ngf6 6. Bd3 Nxe4 7. Bxe4 Nf6 8. Bg5 Be7 9. Bxf6 Bxf6 10. Qd3 c6 11. 0-0 g6 12. c3 0-0 13. Rfe1 Bg7 14. Qc2 Qc7 15. Bd3 Bd7 16. Ne5 Rad8 17. a4 c5 18. Nxd7 Rxd7 19. dxc5 Qxc5 20. Re4 Rc7 21. Rc4 Qd6 22. Rxc7 Qxc7 1/2-1/2

[Event "Bad Woerishofen Seniors op 32nd"]
[Site "Bad Woerishofen"]
[Date "2016.02.29"]
[Round "4"]
[White "Straesser, Gerda"]
[Black "Felger, Karl"]
[Result "1-0"]
[WhiteElo "1696"]
[BlackElo "1813"]
[PlyCount "105"]
[EventDate "2016.02.26"]
[EventType "swiss"]
[EventRounds "9"]
[EventCountry "GER"]
[SourceTitle "EXT 2019"]
[Source "ChessBase"]
[SourceDate "2018.10.10"]
[SourceVersion "1"]
[SourceVersionDate "2018.10.10"]
[SourceQuality "1"]

1. e4 d6 2. d4 f5 3. Bd3 fxe4 4. Bxe4 Nf6 5. Bd3 e6 6. Bg5 Nbd7 7. Nf3 Be7 8. 0-0 0-0 9. Re1 Ng4 10. Bxe7 Qxe7 11. Qe2 Nb6 12. Bxh7+ Kh8 13. Bd3 Nd5 14. Qe4 Ndf6 15. Qg6 Qf7 16. Qxf7 Rxf7 17. h3 Nh6 18. Ng5 Rf8 19. Nd2 Re8 20. Bg6 Re7 21. Re2 Bd7 22. Rae1 Be8 23. Bxe8 Raxe8 24. Rxe6 Rxe6 25. Rxe6 Kg8 26. Rxe8+ Nxe8 27. g4 Kf8 28. d5 b5 29. f4 Ke7 30. Ne6 Ng8 31. Nd4 Ngf6 32. Nf5+ Kd7 33. Ne3 g6 34. Kf2 a5 35. Kf3 Ng7 36. Ne4 Nfe8 37. f5 gxf5 38. Nxf5 c6 39. Nxg7 Nxg7 40. Nf6+ Kc7 41. Ke4 c5 42. h4 Kd8 43. Kf4 Ke7 44. Kg5 Kf7 45. h5 Ne8 46. Nxe8 Kxe8 47. Kf6 Kf8 48. g5 a4 49. Ke6 b4 50. Kxd6 c4 51. Kc5 b3 52. cxb3 a3 53. bxc4 1-0

[Event "Arber op Seniors 3rd"]
[Site "Bayerisch Eisenstein"]
[Date "2015.08.03"]
[Round "4"]
[White "Straesser, Gerda"]
[Black "Kylar, Miroslav"]
[Result "0-1"]
[WhiteElo "1676"]
[BlackElo "1889"]
[PlyCount "58"]
[EventDate "2015.08.01"]
[EventType "swiss"]
[EventRounds "9"]
[EventCountry "GER"]
[SourceTitle "EXT 2016"]
[Source "ChessBase"]
[SourceDate "2015.10.08"]
[SourceVersion "1"]
[SourceVersionDate "2015.10.08"]
[SourceQuality "1"]

1. e4 c6 2. d4 d5 3. Nd2 dxe4 4. Nxe4 Bf5 5. Ng3 Bg6 6. Be2 Nd7 7. Nf3 h6 8. 0-0 e6 9. Re1 Ngf6 10. Bd3 Bxd3 11. Qxd3 Bb4 12. c3 Be7 13. Qc2 Qc7 14. Be3 Nd5 15. Rad1 Nxe3 16. Rxe3 0-0-0 17. Red3 h5 18. Ne4 Qf4 19. Qe2 h4 20. Qe3 Qg4 21. Neg5 h3 22. g3 Qf5 23. Ne4 Nb6 24. Nc5 Nc4 25. Qe2 Bxc5 26. dxc5 Rxd3 27. Qxd3 Qxd3 28. Rxd3 Nxb2 29. Rd4 Rh5 0-1

[Event "Bad Woerishofen Seniors op 24th"]
[Site "Bad Woerishofen"]
[Date "2008.03.03"]
[Round "5"]
[White "Straesser, Gerda"]
[Black "Fels, Karl Heinz"]
[Result "0-1"]
[WhiteElo "1562"]
[BlackElo "1701"]
[PlyCount "60"]
[EventDate "2008.02.28"]
[EventType "swiss"]
[EventRounds "9"]
[EventCountry "GER"]
[SourceTitle "EXT 2022"]
[Source "ChessBase"]
[SourceDate "2021.10.06"]
[SourceVersion "1"]
[SourceVersionDate "2021.10.06"]
[SourceQuality "1"]

1. e4 e5 2. Nf3 Nc6 3. Bb5 a6 4. Ba4 Nf6 5. 0-0 b5 6. Bb3 Be7 7. Re1 0-0 8. c3 d5 9. exd5 Nxd5 10. Nxe5 Nxe5 11. Rxe5 c6 12. d4 Bd6 13. Re1 Qh4 14. g3 Qh3 15. Bxd5 cxd5 16. Qf3 Bf5 17. Qxd5 Rae8 18. Re3 Bd3 19. Qg2 Qh5 20. Nd2 Qd1+ 21. Nf1 Rxe3 22. fxe3 Re8 23. b3 Be4 24. Qf2 Re6 25. Bb2 Qg4 26. Re1 Rf6 27. Qe2 Bf3 28. Qd2 h5 29. d5 h4 30. c4 hxg3 0-1

[Event "Chiemgau Seniors Cup 3th"]
[Site "Bergen"]
[Date "2007.10.25"]
[Round "4"]
[White "Koenig, Karl"]
[Black "Straesser, Gerda"]
[Result "1/2-1/2"]
[WhiteElo "1547"]
[BlackElo "1549"]
[PlyCount "56"]
[EventDate "2007.10.22"]
[EventType "swiss"]
[EventRounds "9"]
[EventCountry "GER"]
[SourceTitle "EXT 2008"]
[Source "ChessBase"]
[SourceDate "2007.11.25"]
[SourceVersion "1"]
[SourceVersionDate "2007.11.25"]
[SourceQuality "1"]

1. e4 e6 2. d3 d5 3. Nd2 dxe4 4. dxe4 Bc5 5. Ngf3 e5 6. Nxe5 Qd4 7. Nd3 Bb6 8. c3 Qd6 9. Qe2 Be6 10. Nf3 Bc4 11. b3 Bxd3 12. Qxd3 Qxd3 13. Bxd3 Nf6 14. h3 0-0 15. 0-0 Nbd7 16. Ba3 Rfe8 17. Rae1 Nc5 18. Bxc5 Bxc5 19. b4 Bb6 20. c4 a6 21. e5 Nd7 22. Bf5 Nf8 23. c5 Ba7 24. Be4 c6 25. Rd1 Rad8 26. Bc2 Bb8 27. Rxd8 Rxd8 28. Re1 h6 1/2-1/2

[Event "Bad Woerishofen Seniors opA 22th"]
[Site "Bad Woerishofen"]
[Date "2006.03.25"]
[Round "9"]
[White "Lueders, Guenter"]
[Black "Straesser, Gerda"]
[Result "1/2-1/2"]
[WhiteElo "1671"]
[BlackElo "1574"]
[PlyCount "37"]
[EventDate "2006.03.17"]
[EventType "swiss"]
[EventRounds "9"]
[EventCountry "GER"]
[SourceTitle "EXT 2022"]
[Source "ChessBase"]
[SourceDate "2021.10.06"]
[SourceVersion "1"]
[SourceVersionDate "2021.10.06"]
[SourceQuality "1"]

1. d4 Nf6 2. Nf3 d5 3. Bf4 e6 4. Nbd2 Be7 5. h3 b6 6. e3 Bb7 7. Be2 0-0 8. 0-0 Nbd7 9. Rc1 c5 10. c3 c4 11. Ne5 Rc8 12. Bg3 b5 13. f4 Ne4 14. Nxe4 dxe4 15. Nxd7 Qxd7 16. a3 Bd5 17. Qd2 a6 18. Kh1 f5 19. Bf2 1/2-1/2

[Event "Bad Woerishofen Seniors opA 22th"]
[Site "Bad Woerishofen"]
[Date "2006.03.24"]
[Round "8"]
[White "Straesser, Gerda"]
[Black "Aufmwasser, Guenter"]
[Result "0-1"]
[WhiteElo "1574"]
[BlackElo "1693"]
[PlyCount "52"]
[EventDate "2006.03.17"]
[EventType "swiss"]
[EventRounds "9"]
[EventCountry "GER"]
[SourceTitle "EXT 2022"]
[Source "ChessBase"]
[SourceDate "2021.10.06"]
[SourceVersion "1"]
[SourceVersionDate "2021.10.06"]
[SourceQuality "1"]

1. e4 c5 2. Nf3 Nc6 3. d4 cxd4 4. Nxd4 e5 5. Nb5 a6 6. Nd6+ Bxd6 7. Qxd6 Qe7 8. Qxe7+ Ngxe7 9. c3 d5 10. exd5 Nxd5 11. Bc4 Be6 12. 0-0 Rd8 13. Bxd5 Bxd5 14. Be3 0-0 15. Nd2 Ne7 16. Bc5 Rfe8 17. Rfd1 Ng6 18. Nf1 Nf4 19. f3 e4 20. fxe4 Bxe4 21. Ne3 f5 22. Bb6 Rd3 23. Rxd3 Nxd3 24. b3 Re6 25. Bd4 Rg6 26. Rd1 f4 0-1

[Event "Bad Woerishofen Seniors opA 22th"]
[Site "Bad Woerishofen"]
[Date "2006.03.19"]
[Round "3"]
[White "Dinser, Hans"]
[Black "Straesser, Gerda"]
[Result "1-0"]
[WhiteElo "1705"]
[BlackElo "1574"]
[PlyCount "119"]
[EventDate "2006.03.17"]
[EventType "swiss"]
[EventRounds "9"]
[EventCountry "GER"]
[SourceTitle "EXT 2022"]
[Source "ChessBase"]
[SourceDate "2021.10.06"]
[SourceVersion "1"]
[SourceVersionDate "2021.10.06"]
[SourceQuality "1"]

1. d4 d5 2. c4 c6 3. Nf3 Nf6 4. cxd5 cxd5 5. Nc3 e6 6. e3 Nc6 7. Bd3 Be7 8. 0-0 0-0 9. a3 Bd7 10. Bd2 Rc8 11. b4 h6 12. Ne2 a6 13. Ng3 Na7 14. a4 Bd6 15. Ne5 Nc6 16. Nxc6 Bxc6 17. b5 axb5 18. axb5 Bd7 19. Qb1 b6 20. Bb4 Qe7 21. Bxd6 Qxd6 22. h3 Ra8 23. Qb2 Qc7 24. Rfc1 Rxa1 25. Qxa1 Qb8 26. Rc3 Rc8 27. Rxc8+ Bxc8 28. Qc3 Bd7 29. Qa3 Qc7 30. e4 dxe4 31. Nxe4 Nxe4 32. Bxe4 f5 33. Bd3 Kf7 34. Qb2 g6 35. Qd2 Qd6 36. Qc3 h5 37. Bc4 Kg7 38. Qe3 Kf6 39. Qd3 Ke7 40. Qe3 Kf6 41. Qh6 Kf7 42. Qh7+ Kf6 43. Qh8+ Kf7 44. Qh7+ Kf6 45. Qg8 Qc7 46. Bf1 Qd6 47. h4 Qe7 48. Qh8+ Kf7 49. Qh7+ Kf6 50. Qh6 Kf7 51. Qf4 Qb4 52. Qe5 Qc3 53. Qd6 Ke8 54. Qxb6 Qb4 55. Qb8+ Ke7 56. Qe5 Kf7 57. d5 Qxh4 58. dxe6+ Bxe6 59. b6 Qe7 60. Bc4 1-0

[Event "Bad Woerishofen Seniors opA 22th"]
[Site "Bad Woerishofen"]
[Date "2006.03.17"]
[Round "1"]
[White "Fehres, Werner"]
[Black "Straesser, Gerda"]
[Result "1/2-1/2"]
[WhiteElo "1798"]
[BlackElo "1574"]
[PlyCount "29"]
[EventDate "2006.03.17"]
[EventType "swiss"]
[EventRounds "9"]
[EventCountry "GER"]
[SourceTitle "EXT 2022"]
[Source "ChessBase"]
[SourceDate "2021.10.06"]
[SourceVersion "1"]
[SourceVersionDate "2021.10.06"]
[SourceQuality "1"]

1. e4 e6 2. f4 d5 3. e5 c5 4. c3 Nc6 5. Nf3 Be7 6. Na3 a6 7. Nc2 Qc7 8. d4 cxd4 9. cxd4 Bb4+ 10. Kf2 Be7 11. Ne3 f6 12. Bd3 f5 13. g4 fxg4 14. Nxg4 Qb6 15. Kg3 1/2-1/2

[Event "Seefeld Seniors op 1st"]
[Site "Seefeld"]
[Date "2005.09.20"]
[Round "2.6"]
[White "Straesser, Gerda"]
[Black "Schwarz, Werner"]
[Result "1/2-1/2"]
[WhiteElo "1549"]
[BlackElo "1690"]
[PlyCount "127"]
[EventDate "2005.09.19"]
[EventType "swiss"]
[EventRounds "7"]
[EventCountry "AUT"]
[SourceTitle "EXT 2007"]
[Source "ChessBase"]
[SourceDate "2006.11.23"]
[SourceVersion "1"]
[SourceVersionDate "2006.11.23"]
[SourceQuality "1"]

1. e4 c6 2. d4 d5 3. Nd2 dxe4 4. Nxe4 Bf5 5. Ng3 Bg6 6. Nf3 Nd7 7. c3 Qc7 8. Bd3 Bxd3 9. Qxd3 e6 10. Be3 Ngf6 11. h3 Bd6 12. Ne2 0-0-0 13. 0-0 h6 14. c4 g5 15. c5 Nxc5 16. Qc2 Ncd7 17. g4 Nd5 18. Rac1 Nxe3 19. fxe3 Qb6 20. Kg2 Rhf8 21. e4 Kb8 22. a3 Rc8 23. e5 Be7 24. Nd2 c5 25. Qa4 Qd8 26. Rc2 Nb6 27. Qb3 cxd4 28. Rxc8+ Kxc8 29. Rxf7 Nd5 30. Rxf8 Bxf8 31. Qc4+ Kb8 32. Kg3 Bg7 33. Qxd4 Qc7 34. Qd3 Bxe5+ 35. Kf2 Qf7+ 36. Qf3 Qxf3+ 37. Kxf3 Bxb2 38. Nc4 Bg7 39. Ke4 Kc7 40. Kf3 b5 41. Nd2 a5 42. Nb3 a4 43. Nbd4 Bxd4 44. Nxd4 b4 45. axb4 a3 46. Nb5+ Kc6 47. Nxa3 Nxb4 48. Ke4 Kd7 49. Ke5 Ke7 50. Nb5 Nd3+ 51. Kd4 Nf2 52. Nc3 Nxh3 53. Ne4 Nf4 54. Ke5 Kf7 55. Nd6+ Kg6 56. Ne4 h5 57. gxh5+ Kxh5 58. Nc5 Kh4 59. Ne4 Kh5 60. Nf6+ Kg6 61. Ne4 Kh5 62. Nf6+ Kh4 63. Ne4 Kg4 64. Kf6 1/2-1/2

[Event "Seefeld Seniors op 1st"]
[Site "Seefeld"]
[Date "2005.09.19"]
[Round "1.9"]
[White "Michalowski, Richard"]
[Black "Straesser, Gerda"]
[Result "1/2-1/2"]
[WhiteElo "1621"]
[BlackElo "1549"]
[PlyCount "76"]
[EventDate "2005.09.19"]
[EventType "swiss"]
[EventRounds "7"]
[EventCountry "AUT"]
[SourceTitle "EXT 2007"]
[Source "ChessBase"]
[SourceDate "2006.11.23"]
[SourceVersion "1"]
[SourceVersionDate "2006.11.23"]
[SourceQuality "1"]

1. c4 e6 2. Nc3 Nf6 3. g3 d5 4. d4 Nbd7 5. Bg2 c6 6. cxd5 cxd5 7. Nf3 a6 8. 0-0 b5 9. a3 Bd6 10. Nd2 Bb7 11. e4 dxe4 12. Ndxe4 Nxe4 13. Nxe4 Be7 14. Be3 Bd5 15. Rc1 0-0 16. Nc5 Bxg2 17. Kxg2 Nxc5 18. dxc5 Qxd1 19. Rfxd1 Rfd8 20. b4 Kf8 21. Bf4 Rxd1 22. Rxd1 g5 23. Bd6 Rd8 24. Kf3 Ke8 25. Ke4 Bxd6 26. cxd6 f6 27. f4 h6 28. f5 Kd7 29. g4 Re8 30. fxe6+ Kxe6 31. Rd3 Rd8 32. h3 Rd7 33. Rc3 Rxd6 34. Rc8 Kf7 35. Rc7+ Kg6 36. Rc3 Kf7 37. Rc5 Kg6 38. Rc3 Kf7 1/2-1/2

[Event "Bayern-ch Seniors 17th"]
[Site "Schloss Schney"]
[Date "2005.06.16"]
[Round "7"]
[White "Fiedler, Werner"]
[Black "Straesser, Gerda"]
[Result "1-0"]
[WhiteElo "1703"]
[BlackElo "1533"]
[PlyCount "73"]
[EventDate "2005.06.10"]
[EventType "swiss"]
[EventRounds "9"]
[EventCountry "GER"]
[SourceTitle "EXT 2006"]
[Source "ChessBase"]
[SourceDate "2005.11.24"]
[SourceVersion "1"]
[SourceVersionDate "2005.11.24"]
[SourceQuality "1"]

1. Nf3 d5 2. d4 Nf6 3. Bg5 e6 4. Nbd2 Nbd7 5. e3 Be7 6. Bd3 0-0 7. 0-0 h6 8. Bxf6 Nxf6 9. Ne5 c5 10. c3 Bd7 11. f4 Rc8 12. Qf3 Bd6 13. g4 Bxe5 14. fxe5 Nh7 15. Qg3 c4 16. Bc2 f6 17. Nf3 f5 18. h4 Be8 19. Rf2 Rc7 20. Rg2 Bg6 21. Rf1 f4 22. exf4 Bxc2 23. Rxc2 Rcf7 24. Nh2 g5 25. hxg5 hxg5 26. Rcf2 gxf4 27. Rxf4 Rxf4 28. Rxf4 Rxf4 29. Qxf4 Qg5 30. Qxg5+ Nxg5 31. Kf2 Kg7 32. Kg3 Kg6 33. Nf3 Ne4+ 34. Kf4 a5 35. Nh4+ Kg7 36. Nf5+ Kg6 37. Nd6 1-0

[Event "Bayern-ch Seniors 17th"]
[Site "Schloss Schney"]
[Date "2005.06.15"]
[Round "6"]
[White "Straesser, Gerda"]
[Black "Banfelder, Herbert"]
[Result "1-0"]
[WhiteElo "1533"]
[BlackElo "1641"]
[PlyCount "127"]
[EventDate "2005.06.10"]
[EventType "swiss"]
[EventRounds "9"]
[EventCountry "GER"]
[SourceTitle "EXT 2006"]
[Source "ChessBase"]
[SourceDate "2005.11.24"]
[SourceVersion "1"]
[SourceVersionDate "2005.11.24"]
[SourceQuality "1"]

1. e4 c6 2. d4 d5 3. Nc3 dxe4 4. Nxe4 Bf5 5. Ng3 Bg6 6. Nf3 e6 7. Bd3 Nf6 8. 0-0 Be7 9. Re1 Nbd7 10. h3 Qc7 11. Be3 Nd5 12. c3 Nxe3 13. Rxe3 Bd6 14. Bxg6 hxg6 15. Ne4 Bf4 16. Re2 0-0-0 17. Neg5 Nf6 18. Qc2 Rd5 19. Ne4 Nxe4 20. Qxe4 g5 21. Ne5 Bxe5 22. dxe5 Rhd8 23. Qe3 Rd1+ 24. Rxd1 Rxd1+ 25. Re1 Rxe1+ 26. Qxe1 b6 27. Qe3 Qe7 28. g4 Kc7 29. Kg2 f6 30. f4 gxf4 31. Qxf4 Kc8 32. exf6 gxf6 33. h4 e5 34. Qf5+ Kc7 35. g5 fxg5 36. hxg5 Kd6 37. Kf3 Qg7 38. Ke4 a6 39. Qf6+ Qxf6 40. gxf6 Ke6 41. f7 Kxf7 42. Kxe5 Ke7 43. c4 Kd7 44. b4 Ke7 45. a3 Kd7 46. c5 b5 47. Kf6 Kd8 48. Ke6 Kc7 49. Ke7 a5 50. bxa5 Kb7 51. Kd6 Ka6 52. Kxc6 Kxa5 53. Kb7 Ka4 54. c6 Kxa3 55. c7 b4 56. c8Q b3 57. Qc5+ Ka2 58. Qc4 Ka3 59. Qa6+ Kb2 60. Kc6 Kc2 61. Qc4+ Kb2 62. Kb5 Ka1 63. Ka4 Kb2 64. Kb4 1-0